000 00295 a2200109 4500
001 ART_18535
005 20260410161702.0
008 260409a
245 1 0 _aFactura electrónica
100 1 _aFerraro, Ricardo H.
773 0 _tRevista Impuestos
_g- Nº 4 (abr. 2011)
_wREV639
999 _c15318
_d15318